000 00635nam a2200157Ia 4500
008 210716s2018 xx 000 0 und d
020 _a9781788396905
041 _aeng
082 _a005.1372 GARG
100 _aGarrido, Gabriel; Joshi, Prateek.
245 _aOpenCV 3.x with python by example: make the most of OpenCV and python to build applications for object recognition and augmented reality.
_bMake the most of OpenCV and python to build applications for object recognition and augmented reality.
250 _a2
260 _aMumbai
_bPackt Publishing Ltd
_c2018
300 _av,253
650 _aProgramming Languages(005.13)
999 _c196704
_d196704